000 00315nam a22001337a 4500
003 MPLRDC
005 20220104184703.0
008 210129b ||||| |||| 00| 0 eng d
082 _aDISC
100 _a蒋勋
245 _a孤独六讲: 天生爱玩美--1 DISC
_c
650 _a现代别集
942 _cCDA
_oDISC
999 _c62978
_d62968